Score 0/18 Timer 03:00
1 Play Today
% Correct
Nathan Fillion
81.3%
Malcolm Reynolds
80.1%
River Tam
77.6%
Jayne Cobb
75.2%
Hoban Washburne
72%
Dr. Simon Tam
71.9%
Summer Glau
66.5%
Kaywinnet Lee Frye
64.7%
Shepherd Derrial Book
64.6%
% Correct
Adam Baldwin
64.6%
Zoe Washburne
63.7%
Inara Serra
61%
Alan Tudyk
57.5%
Jewel Staite
46.5%
Morena Baccarin
45.3%
Gina Torres
43.3%
Ron Glass
40.5%
Sean Maher
31.5%
Remove Ads.
Support Sporcle.
Get the best of Sporcle when you Go Orange. This ad-free experience offers more features, more stats, and more fun while also helping to support Sporcle. Thank you for becoming a member.

You're not logged in!

Compare scores with friends on all Sporcle quizzes.
OR
Log In

Show Comments

Extras

Top Quizzes Today


Score Distribution

Your Account Isn't Verified!

In order to create a playlist on Sporcle, you need to verify the email address you used during registration. Go to your Sporcle Settings to finish the process.

Report this User

Report this user for behavior that violates our Community Guidelines.

Details: